Eksport Broni - Stany Zjednoczone - Statystyki

Ogólne statystyki
  • Ten quiz został rozwiązany 222 razy
  • Średni wynik to 11 z 20
Statystyki odpowiedzi
stopień odbiorca % Poprawnych
18 Kanada
87%
8 Japonia
77%
4 Korea Południowa
72%
2 Australia
68%
15 Izrael
68%
10 Zjednoczone Królestwo
66%
7 Turcja
64%
1 Arabia Saudyjska
63%
11 Indie
63%
19 Włochy
60%
13 Egipt
59%
5 Irak
59%
16 Pakistan
47%
14 Afganistan
44%
9 Tajwan
39%
20 Grecja
38%
12 Katar
33%
17 Maroko
30%
6 Singapur
16%
3 Zjednoczone Emiraty Arabskie
15%
Nie znaleziono quizów pasujących do podanych kryteriów
Rozkład punktacji
Procent ludzi z każdym wynikiem
Percentyl według liczby udzielonych odpowiedzi
Twoja historia wyników
Nie rozwiązałeś tego quizu